000 00244nam a2200097Ia 4500
001 777323
005 20250826165904.0
008 250824s9999 xx 000 0 und d
245 0 _aYÜKSEK GERİLİM
_cADALET AĞAOĞLU
260 _bEVEREST YAYINLARI
999 _c777323
_d777323